Introduction to applied nonlinear dynamical systems and chaos
Gespeichert in:
| 1. Verfasser: | |
|---|---|
| Format: | Buch |
| Sprache: | Englisch |
| Veröffentlicht: |
New York, USA.
Springer,
2003
|
| Ausgabe: | Second edition |
| Schriftenreihe: | Texts in Applied Mathematics,
2 |
| Schlagworte: | |
| Online-Zugang: | Disponible Online |
| Tags: |
Tag hinzufügen
Keine Tags, Fügen Sie den ersten Tag hinzu!
|
MARC
| LEADER | 00000nam a2200000 a 4500 | ||
|---|---|---|---|
| 001 | UCI4757 | ||
| 003 | CL-VaPUC | ||
| 005 | 20210927095913.0 | ||
| 008 | 080229e20030000US |||||||||||||||||eng|d | ||
| 999 | |c 328603 |d 328601 | ||
| 020 | |a 9780387001777 | ||
| 040 | |c Pontificia Universidad Católica de Valparaíso | ||
| 082 | 0 | 4 | |a 003.85 WIG 2003 |2 21 |
| 100 | 0 | |a Wiggins, Stephen |e author |9 526770 | |
| 245 | 1 | 0 | |a Introduction to applied nonlinear dynamical systems and chaos |
| 250 | |a Second edition | ||
| 260 | |a New York, USA. |b Springer, |c 2003 | ||
| 300 | |a 843 páginas | ||
| 490 | 0 | |a Texts in Applied Mathematics, |v 2 | |
| 583 | |a last modification |c 20080229 00:00:00 |k Rodrigo Vera | ||
| 650 | 0 | |a Sistemas dinámicos |9 260496 | |
| 650 | 0 | |a Sistemas no lineales |2 CL-VaPUC |9 362014 | |
| 650 | 0 | |a Teoría del caos |9 430624 | |
| 856 | |u http://bibliografiadigital.pucv.cl/index.php/bibliotecapucv/catalog/book/773 |y Disponible Online | ||
| 942 | |c BK |2 ddc | ||
| 945 | |d 20080229 00:00:00 |a jtorresc | ||
| 952 | |0 0 |1 0 |4 0 |6 003_850000000000000_WIG_2003 |7 0 |8 A |9 412598 |a BIBMAT |b BIBMAT |d 2019-11-22 |i 4408322 |o 003.85 WIG 2003 |p 4408322 |r 2025-01-07 |w 2019-11-22 |y BK |k MAT | ||